书目信息 |
| 题名: |
基于知识的三维CAD技术及应用
|
|
| 作者: | 杨海成 , 廖文和 著 | |
| 分册: | ||
| 出版信息: | 北京 科学出版社 2005.01 |
|
| 页数: | 232页 | |
| 开本: | 24cm | |
| 丛书名: | 863现代集成制造系统技术丛书 | |
| 单 册: | ||
| 中图分类: | TP391.72 , TP391.72 | |
| 科图分类: | ||
| 主题词: | 计算机辅助设计--Ji Suan Ji Fu Zhu She Ji--应用软件, AutoCAD , 计算机应用 | |
| 电子资源: | ||
| ISBN: | 7-03-014611-5 | |
| 000 | 01161nam 2200325 450 | |
| 001 | 1382 | |
| 005 | 20050509144023.0 | |
| 010 | @a7-03-014611-5@d32.00CNY | |
| 099 | @aCAL 012005011501 | |
| 100 | @a20050224d2005 ekmy0chiy0121 ea | |
| 101 | 0 | @achi |
| 102 | @aCN@b110000 | |
| 105 | @aak a 000yy | |
| 200 | 1 | @a基于知识的三维CAD技术及应用@AJi Yu Zhi Shi De San Wei Cad Ji Shu Ji Ying Yong@f杨海成, 廖文和著 |
| 210 | @a北京@c科学出版社@d2005.01 | |
| 215 | @a232页@c图@d24cm | |
| 225 | 2 | @a863现代集成制造系统技术丛书@A863 Xian Dai Ji Cheng Zhi Zao Xi Tong Ji Shu Cong Shu |
| 320 | @a有书目 (第223-232页) | |
| 330 | @a本书包括绪论、设计领域中的知识处理关键技术、基于知识的三维CAD关键技术、基于知识的三维CAD系统与开发技术、基于知识的三维CAD应用系统。 | |
| 410 | 0 | @12001 @a863现代集成制造系统技术丛书 |
| 606 | 0 | @a计算机辅助设计@AJi Suan Ji Fu Zhu She Ji@x应用软件, AutoCAD |
| 606 | 0 | @a计算机应用 |
| 690 | @aTP391.72@v4 | |
| 690 | @aTP391.72@v3 | |
| 701 | 0 | @a杨海成@AYang Hai Cheng@4著 |
| 701 | 0 | @a廖文和@ALiao Wen He@4著 |
| 801 | 0 | @aCN@bNMU@c20050224 |
| 905 | @a10447@dTP391.72@eY190 | |
| 906 | @dCNY32.00@n0@r1 | |
| 998 | @aNMU | |
| 基于知识的三维CAD技术及应用/杨海成, 廖文和著.-北京:科学出版社,2005.01 |
| 232页:图;24cm.-(863现代集成制造系统技术丛书) |
| ISBN 7-03-014611-5:32.00CNY |
| 本书包括绪论、设计领域中的知识处理关键技术、基于知识的三维CAD关键技术、基于知识的三维CAD系统与开发技术、基于知识的三维CAD应用系统。 |
| ● |
| 相关链接 |
|
|
|
正题名:基于知识的三维CAD技术及应用
索取号:TP391.72/Y190
 
预约/预借
| 序号 | 登录号 | 条形码 | 馆藏地/架位号 | 状态 | 备注 |
| 1 | 530191 | 205301911 | 期刊室512/301自科库 111排2列5层/ [索取号:TP391.72/Y190] | 在馆 | |
| 2 | 530192 | 205301920 | 期刊室512/301自科库 111排2列5层/ [索取号:TP391.72/Y190] | 在馆 | |
| 3 | 530193 | 205301939 | 自科二线404/404自科库 15排3列1层/ [索取号:TP391.72/Y190] | 在馆 |